000
00225nam a2200097Ia 4500
008
170619s9999 xx 000 0 und d
100
_a
Harigopal K
245
0
_a
Who moved my cheese
260
_b
London : C C Mission
260
_c
2002
546
_a
ENGLISH
999
_c
17306
_d
17306